01351nam a2200337Ia 4500001001200000003000800012006001900020007001500039008004100054010001700095020001500112020001800127020001800145040002100163035002100184050002400205100002400229245024100253246002200494260004900516300002400565500002000589533015200609650001300761650002300774655002900797700002700826710001700853856012600870999001700996ebr10639526CaPaEBRm u cr cn|||||||||120221s2013 maua s 001 0 eng d z 2012930934 z1435458885 z9781435458888 z9781435458895 aCaPaEBRcCaPaEBR a(OCoLC)82723650114aQC23.2b.R67 2013eb1 aRoss, Debra,d1958-10aMaster mathh[electronic resource] .pEssential physics :bmaster everything from motion, force, heat and work to energy, fluids, waves, optics and electricity /cby Debra Anne Ross Lawrence ; with contributions by David Allen Lawrence.30aEssential physics aBoston, MA :bCourse Technology PTR,cc2013. axii, 417 p. :bill. aIncludes index. aElectronic reproduction.bPalo Alto, Calif. :cebrary,d2013.nAvailable via World Wide Web.nAccess may be limited to ebrary affiliated libraries. 0aPhysics. 0aPhysical sciences. 7aElectronic books.2local1 aLawrence, David Allen.2 aebrary, Inc.40uhttp://site.ebrary.com/lib/rucke/Doc?id=10639526zAn electronic book accessible through the World Wide Web; click to view c48759d48759